[Event "XXVII Festival Conca della Presolana A"]
[Site "Bratto - Castione della Presolana ITA"]
[Date "2007.08.29"]
[Round "7"]
[White "Piscopo, Pierluigi"]
[Black "Valenti, Giuseppe"]
[Result "1/2-1/2"]
[WhiteElo "2392"]
[BlackElo "2221"]
[PlyCount "73"]
[EventDate "2007.08.23"]

1. e4 c5 2. Nc3 a6 3. Nge2 e6 4. d4 cxd4 5. Nxd4 Qc7 6. Be2 b5 7. O-O Bb7 8.
Bf3 Nc6 9. Nxc6 dxc6 10. a4 Nf6 11. Qe2 e5 12. Nd1 Bc5 13. c3 O-O 14. Ne3 g6
15. Nc2 Rfe8 16. Bh6 Red8 17. Rfc1 Bc8 18. axb5 cxb5 19. Bg5 Be7 20. Nb4 Bb7
21. g3 Qb6 22. h4 a5 23. Bxf6 Bxf6 24. Nd5 Bxd5 25. exd5 Rac8 26. Bg2 Rc5 27.
b4 axb4 28. cxb4 Rxc1+ 29. Rxc1 Be7 30. Qxe5 Bxb4 31. Rc6 Qb8 32. Qf6 Bd6 33.
h5 b4 34. Rc4 Be5 35. Qe7 Qd6 36. Qb7 Rb8 37. Rc8+ 1/2-1/2

[Event "XXVII Festival Conca della Presolana A"]
[Site "Bratto - Castione della Presolana ITA"]
[Date "2007.08.29"]
[Round "7"]
[White "Podini, Francesco"]
[Black "Massironi, Marco"]
[Result "0-1"]
[WhiteElo "2075"]
[BlackElo "2129"]
[PlyCount "46"]
[EventDate "2007.08.23"]

1. e4 c5 2. Nc3 Nc6 3. f4 e6 4. Nf3 Nge7 5. d4 cxd4 6. Nxd4 a6 7. Nb3 d6 8. Be3
b5 9. Qd2 Bb7 10. Be2 Qc7 11. Rd1 Rd8 12. O-O d5 13. Bxb5 axb5 14. Nxb5 Qb8 15.
Bb6 Ba6 16. Nc7+ Kd7 17. Nc5+ Kc8 18. N7xa6 Qxb6 19. Qc3 dxe4 20. Rxd8+ Kxd8
21. Rd1+ Nd5 22. Kh1 Kc8 23. Qc4 Ne3 0-1

[Event "XXVII Festival Conca della Presolana A"]
[Site "Bratto - Castione della Presolana ITA"]
[Date "2007.08.29"]
[Round "7"]
[White "Poletti, Fausto"]
[Black "Lampl, Gerald"]
[Result "0-1"]
[WhiteElo "2012"]
[BlackElo "2099"]
[PlyCount "114"]
[EventDate "2007.08.23"]

1. Nf3 Nf6 2. c4 g6 3. Nc3 Bg7 4. g3 O-O 5. Bg2 d6 6. O-O Nc6 7. d3 Nh5 8. Bd2
f5 9. Rb1 a5 10. a3 f4 11. b4 axb4 12. axb4 e5 13. b5 Ne7 14. Qb3 Kh8 15. Na4
Bg4 16. Bc3 Nf5 17. c5 fxg3 18. hxg3 Bxf3 19. exf3 Nh4 20. f4 Nxg2 21. Kxg2
Nxf4+ 22. gxf4 Rxf4 23. Rh1 Rfxa4 24. Rh3 Qg5+ 25. Rg3 Rg4 26. cxd6 cxd6 27.
Qd5 Rxg3+ 28. fxg3 Qe7 29. Bb4 Qc7 30. Rf1 Rd8 31. Rf7 Qc2+ 32. Rf2 Qc7 33. Rf7
Qc2+ 34. Rf2 Qc7 35. Rf7 Rd7 36. Rf2 h6 37. Ra2 Qd8 38. Ra7 Qb8 39. Ra2 Qg8 40.
Qxg8+ Kxg8 41. Ra8+ Kf7 42. Rc8 Bf6 43. Ba5 Be7 44. Bc7 Ke6 45. b6 Kd5 46. Kf3
h5 47. Rh8 Bf6 48. Rh6 Bd8 49. Bxd8 Rxd8 50. Rxg6 Rf8+ 51. Ke2 Rh8 52. Kf3 h4
53. Rg4 hxg3 54. Kxg3 Rf8 55. Rb4 Kc6 56. Kg2 Kc5 57. Rb3 Rf4 0-1

[Event "XXVII Festival Conca della Presolana A"]
[Site "Bratto - Castione della Presolana ITA"]
[Date "2007.08.29"]
[Round "7"]
[White "Pulvirenti, Gianni"]
[Black "Salmoiraghi, Angelo"]
[Result "1/2-1/2"]
[WhiteElo "1987"]
[BlackElo "2031"]
[PlyCount "24"]
[EventDate "2007.08.23"]

1. c4 e5 2. g3 d6 3. Bg2 f5 4. d3 Nf6 5. Nc3 c6 6. Bg5 g6 7. e4 Bg7 8. Nge2 O-O
9. O-O h6 10. Bd2 f4 11. gxf4 Nh5 12. fxe5 dxe5 1/2-1/2

[Event "XXVII Festival Conca della Presolana A"]
[Site "Bratto - Castione della Presolana ITA"]
[Date "2007.08.29"]
[Round "7"]
[White "Qendro, Llambi"]
[Black "Hunt, Adam C."]
[Result "1/2-1/2"]
[WhiteElo "2386"]
[BlackElo "2461"]
[PlyCount "27"]
[EventDate "2007.08.23"]

1. d4 Nf6 2. c4 g6 3. Nc3 d5 4. Nf3 Bg7 5. Bg5 Ne4 6. Bf4 Nxc3 7. bxc3 dxc4 8.
Qa4+ Nd7 9. e3 O-O 10. Bxc4 c5 11. Qa3 cxd4 12. cxd4 Nb6 13. Bb3 a5 14. Rc1
1/2-1/2

[Event "XXVII Festival Conca della Presolana A"]
[Site "Bratto - Castione della Presolana ITA"]
[Date "2007.08.29"]
[Round "7"]
[White "Radice, Luca"]
[Black "Bove, Alessandro"]
[Result "0-1"]
[WhiteElo "2056"]
[BlackElo "2173"]
[PlyCount "68"]
[EventDate "2007.08.23"]

1. d4 Nf6 2. c4 e6 3. Nc3 d5 4. Bg5 Be7 5. e3 Nbd7 6. Nf3 h6 7. Bxf6 Nxf6 8.
Qc2 a6 9. O-O-O dxc4 10. Bxc4 b5 11. Bd3 Bb7 12. Kb1 O-O 13. Ne4 Nd5 14. Nc5
Nb4 15. Nxb7 Qd5 16. Qb3 Qxb7 17. Rc1 Rfd8 18. Be2 Rac8 19. Ne5 c5 20. Bf3 Qb6
21. a3 c4 22. Qd1 Nd5 23. Bxd5 exd5 24. Qf3 Qf6 25. Qh5 a5 26. h4 Bd6 27. f4 b4
28. a4 g6 29. Qxh6 Qf5+ 30. Ka1 Bxe5 31. fxe5 b3 32. Rhf1 Qd7 33. Rcd1 Qxa4+
34. Kb1 c3 0-1

[Event "XXVII Festival Conca della Presolana A"]
[Site "Bratto - Castione della Presolana ITA"]
[Date "2007.08.29"]
[Round "7"]
[White "Reduzzi, Maurizio"]
[Black "Jablon, Stephen"]
[Result "1-0"]
[WhiteElo "2105"]
[BlackElo "2024"]
[PlyCount "101"]
[EventDate "2007.08.23"]

1. d4 Nc6 2. Nf3 d5 3. b3 Bg4 4. Nbd2 e6 5. Bb2 Bd6 6. c4 Nh6 7. e3 O-O 8. h3
Bh5 9. Bd3 Nb4 10. Bb1 c6 11. a3 Na6 12. e4 Re8 13. e5 Be7 14. g4 Bg6 15. O-O
f5 16. exf6 gxf6 17. Bxg6 hxg6 18. Qc2 Kg7 19. c5 Rh8 20. Rae1 Qg8 21. Kg2 Nc7
22. Rh1 Qc8 23. Nf1 Qd7 24. Bc1 g5 25. Ng3 Rag8 26. Nh2 Kf8 27. f4 gxf4 28.
Bxf4 Ne8 29. Qe2 Ng7 30. Rhf1 Ke8 31. b4 Kd8 32. a4 Kc8 33. b5 Bd8 34. Rb1 f5
35. b6 a6 36. Qe5 Bc7 37. Qxc7+ Qxc7 38. Bxc7 fxg4 39. hxg4 Ne8 40. Be5 Rh7 41.
Rf4 Nf7 42. Nf3 Nh8 43. Bxh8 Rgxh8 44. Rh1 Rxh1 45. Nxh1 Rg8 46. Ne5 Ng7 47.
Ng3 Kd8 48. Rf7 Kc8 49. g5 Nf5 50. Nxf5 exf5 51. g6 1-0

[Event "XXVII Festival Conca della Presolana A"]
[Site "Bratto - Castione della Presolana ITA"]
[Date "2007.08.29"]
[Round "7"]
[White "Romanishin, Oleg M."]
[Black "Mogranzini, Roberto"]
[Result "1/2-1/2"]
[WhiteElo "2546"]
[BlackElo "2411"]
[PlyCount "28"]
[EventDate "2007.08.23"]

1. d4 Nf6 2. Nf3 g6 3. g3 Bg7 4. Bg2 d5 5. c4 dxc4 6. Ne5 c6 7. Nxc4 Be6 8. Ne5
Nbd7 9. Nf3 Qa5+ 10. Bd2 Qh5 11. Ng5 Bd5 12. f3 h6 13. Nh3 e5 14. dxe5 Qxe5
1/2-1/2

[Event "XXVII Festival Conca della Presolana A"]
[Site "Bratto - Castione della Presolana ITA"]
[Date "2007.08.29"]
[Round "7"]
[White "Rossi, Carlo"]
[Black "Lapiccirella, Daniele"]
[Result "1-0"]
[WhiteElo "2340"]
[BlackElo "2164"]
[PlyCount "43"]
[EventDate "2007.08.23"]

1. Nc3 c5 2. Ne4 Qc7 3. c4 b6 4. Nf3 e6 5. e3 Bb7 6. Qc2 d6 7. b3 Nd7 8. Bb2
Ngf6 9. Ng3 Be7 10. d4 cxd4 11. exd4 d5 12. Bd3 dxc4 13. bxc4 Bxf3 14. gxf3 Qf4
15. Qe2 Bb4+ 16. Kf1 O-O 17. h4 Rad8 18. Rd1 Rfe8 19. h5 e5 20. d5 Nc5 21. Bc1
Qd4 22. Nf5 1-0

[Event "XXVII Festival Conca della Presolana A"]
[Site "Bratto - Castione della Presolana ITA"]
[Date "2007.08.29"]
[Round "7"]
[White "Salvador, Roland"]
[Black "Bonafede, Alessandro"]
[Result "1-0"]
[WhiteElo "2461"]
[BlackElo "2234"]
[PlyCount "83"]
[EventDate "2007.08.23"]

1. d4 f5 2. c4 Nf6 3. g3 g6 4. Bg2 Bg7 5. Nc3 d6 6. Nh3 O-O 7. d5 Nbd7 8. O-O
Ne5 9. Qb3 Kh8 10. Ng5 Qe8 11. Nb5 Qd8 12. Nd4 Rb8 13. f4 Nf7 14. Nxf7+ Rxf7
15. Nc6 bxc6 16. Qxb8 cxd5 17. cxd5 a6 18. Bd2 Nd7 19. Qb4 Nc5 20. Be3 e5 21.
Bxc5 dxc5 22. Qxc5 e4 23. Rfd1 Rd7 24. e3 Bb7 25. Bf1 Bxd5 26. Bxa6 Bxb2 27.
Rab1 Bf6 28. Bc4 c6 29. a4 Kg7 30. Bxd5 cxd5 31. a5 Qa8 32. Qb5 Qa7 33. Qb6 d4
34. exd4 Bd8 35. Qxa7 Rxa7 36. Rb8 Bxa5 37. Ra1 Kh6 38. Kg2 e3 39. Re8 Bb6 40.
Rxa7 Bxa7 41. d5 Bc5 42. Re6 1-0

[Event "XXVII Festival Conca della Presolana A"]
[Site "Bratto - Castione della Presolana ITA"]
[Date "2007.08.29"]
[Round "7"]
[White "Sbarra, Marco"]
[Black "Testa, Adriano"]
[Result "1-0"]
[WhiteElo "2233"]
[BlackElo "1927"]
[PlyCount "127"]
[EventDate "2007.08.23"]

1. d4 d5 2. c4 e6 3. Nc3 Nf6 4. Bg5 Nbd7 5. e3 c6 6. cxd5 exd5 7. Qc2 Be7 8.
Nf3 O-O 9. Bd3 Re8 10. O-O g6 11. Rab1 Nh5 12. Bxe7 Qxe7 13. b4 a6 14. a4 Nb6
15. a5 Nd7 16. Rfe1 Nhf6 17. Nd2 Qd6 18. h3 Nf8 19. Na4 Ne6 20. Nf3 Ng7 21. Nc5
Qc7 22. Nh4 Ne6 23. Nxe6 Bxe6 24. f4 Bd7 25. Nf3 Ne4 26. Ne5 Nd6 27. g4 Kg7 28.
Rbc1 Re7 29. Qg2 f6 30. Nxd7 Qxd7 31. g5 f5 32. h4 Rae8 33. Kf2 Ne4+ 34. Kf3
Re6 35. h5 Qe7 36. h6+ Kg8 37. Bxe4 dxe4+ 38. Kg3 Rd8 39. Qa2 Rd5 40. Rc5 Red6
41. Rec1 Qe6 42. Qa3 Rxc5 43. Rxc5 Rd5 44. Qc3 Kf7 45. b5 Rxc5 46. dxc5 Ke7 47.
bxa6 bxa6 48. Qg7+ Qf7 49. Qb2 Qc4 50. Qf6+ Kd7 51. Qd6+ Ke8 52. Qxc6+ Kd8 53.
Qd6+ Ke8 54. Qb8+ Ke7 55. Qc7+ Ke6 56. Qd6+ Kf7 57. Qf6+ Ke8 58. Qh8+ Kd7 59.
Qxh7+ Kc8 60. Qxg6 Qxc5 61. Qe8+ Kb7 62. Qd7+ Ka8 63. Qd8+ Kb7 64. Qb6+ 1-0

[Event "XXVII Festival Conca della Presolana A"]
[Site "Bratto - Castione della Presolana ITA"]
[Date "2007.08.29"]
[Round "7"]
[White "Shytaj, Luca"]
[Black "Chkhaidze, Nikoloz"]
[Result "1/2-1/2"]
[WhiteElo "2451"]
[BlackElo "2183"]
[PlyCount "54"]
[EventDate "2007.08.23"]

1. e4 c6 2. d4 d5 3. exd5 cxd5 4. Bd3 Nc6 5. c3 Nf6 6. Bf4 Bg4 7. Qb3 Qc8 8.
Nd2 e6 9. Ngf3 Be7 10. Bg5 O-O 11. Qc2 Bf5 12. Bxf5 exf5 13. Bxf6 Bxf6 14. Qd3
Re8+ 15. Kf1 Qd7 16. g3 b5 17. Kg2 b4 18. Nb3 bxc3 19. Qxc3 h5 20. Rac1 Rac8
21. Qd2 a5 22. Qf4 g6 23. Rhe1 Kg7 24. Nc5 Qd8 25. h4 Rb8 26. b3 Rb4 27. Nd3
27... Rb6 {...} 1/2-1/2

[Event "XXVII Festival Conca della Presolana A"]
[Site "Bratto - Castione della Presolana ITA"]
[Date "2007.08.29"]
[Round "7"]
[White "Siebrecht, Sebastian"]
[Black "Sax, Gyula"]
[Result "1/2-1/2"]
[WhiteElo "2431"]
[BlackElo "2522"]
[PlyCount "54"]
[EventDate "2007.08.23"]

1. e4 c5 2. Nf3 e6 3. d4 cxd4 4. Nxd4 Nf6 5. Bd3 Nc6 6. Nxc6 dxc6 7. Nd2 e5 8.
O-O Bg4 9. Qe1 Qc7 10. Nc4 Be6 11. Kh1 Bc5 12. Bd2 O-O 13. Ba5 b6 14. Bc3 Bxc4
15. Bxc4 a5 16. f4 Qe7 17. Bd3 Nd7 18. Qg3 f6 19. Qh3 Bb4 20. Rad1 Nc5 21. Bd2
Bxd2 22. Rxd2 Rad8 23. Qe3 exf4 24. Qxf4 Rd4 25. Qe3 Rfd8 26. Rfd1 Kh8 27. c3
R4d7 1/2-1/2

[Event "XXVII Festival Conca della Presolana A"]
[Site "Bratto - Castione della Presolana ITA"]
[Date "2007.08.29"]
[Round "7"]
[White "Stella, Andrea"]
[Black "Bassis, Ivano"]
[Result "1-0"]
[WhiteElo "2132"]
[BlackElo "2026"]
[PlyCount "51"]
[EventDate "2007.08.23"]

1. e4 d5 2. exd5 Qxd5 3. Nc3 Qa5 4. d4 Nf6 5. Bd2 c6 6. Bc4 Bf5 7. Nf3 e6 8.
Qe2 Bb4 9. O-O-O Nbd7 10. a3 Bxc3 11. Bxc3 Qc7 12. Ne5 Nxe5 13. dxe5 Nd5 14.
Bd2 O-O-O 15. g4 Bg6 16. f4 Qb6 17. Rhf1 h5 18. f5 exf5 19. gxf5 Bh7 20. Bg5 f6
21. exf6 Rhe8 22. Qxh5 Ne3 23. Be6+ Rxe6 24. Rxd8+ Qxd8 25. fxe6 Nxf1 26. e7
1-0

[Event "XXVII Festival Conca della Presolana A"]
[Site "Bratto - Castione della Presolana ITA"]
[Date "2007.08.29"]
[Round "7"]
[White "Stips, Felix"]
[Black "Moncelli, Giorgio"]
[Result "0-1"]
[WhiteElo "2041"]
[BlackElo "2147"]
[PlyCount "50"]
[EventDate "2007.08.23"]

1. e4 e5 2. Nf3 Nf6 3. Nxe5 d6 4. Nxf7 Kxf7 5. Nc3 Be6 6. d4 Kg8 7. Bd3 Bf7 8.
Be3 Nc6 9. f4 h6 10. g4 Qd7 11. h3 Re8 12. Qd2 Nb4 13. O-O-O c5 14. Bb5 Nxa2+
15. Nxa2 Qxb5 16. e5 Ne4 17. Nc3 Nxc3 18. Qxc3 Qc4 19. Qxc4 Bxc4 20. b3 Bf7 21.
dxc5 dxe5 22. f5 Kh7 23. Rd7 Re7 24. Rhd1 Be8 25. Rxe7 Bxe7 0-1

[Event "XXVII Festival Conca della Presolana A"]
[Site "Bratto - Castione della Presolana ITA"]
[Date "2007.08.29"]
[Round "7"]
[White "Tatai, Stefano"]
[Black "Cordara, Michele"]
[Result "1-0"]
[WhiteElo "2334"]
[BlackElo "2151"]
[PlyCount "101"]
[EventDate "2007.08.23"]

1. e4 c5 2. Nf3 d6 3. d4 cxd4 4. Nxd4 Nf6 5. Nc3 a6 6. Bg5 e6 7. f4 Qc7 8. Bxf6
gxf6 9. Qd2 Bd7 10. O-O-O Nc6 11. Nb3 O-O-O 12. Kb1 Kb8 13. Be2 h5 14. Rhf1 Bc8
15. Rf3 Bh6 16. Qe1 Rdg8 17. Qf2 Rg4 18. g3 h4 19. Rfd3 hxg3 20. hxg3 Rgg8 21.
Na4 Bf8 22. Nb6 Rh3 23. Rc3 Rgh8 24. Nd4 Rh1 25. Kc1 R8h2 26. Qe3 Rxd1+ 27.
Kxd1 Rh1+ 28. Kd2 d5 29. a3 e5 30. Nxc6+ bxc6 31. Nxd5 exf4 32. Qf3 Qd6 33.
Qxh1 fxg3 34. Qf3 cxd5 35. exd5 Bh6+ 36. Kd1 Qf4 37. Qxf4+ Bxf4 38. Bf1 Bg4+
39. Ke1 Be5 40. Rb3+ Kc7 41. Bg2 f5 42. c4 Kd6 43. Rd3 f4 44. b4 Bf5 45. c5+
Kd7 46. Ke2 Bxd3+ 47. Kxd3 Bb2 48. a4 Bc1 49. Kc4 Be3 50. b5 axb5+ 51. Kxb5 1-0

[Event "XXVII Festival Conca della Presolana A"]
[Site "Bratto - Castione della Presolana ITA"]
[Date "2007.08.29"]
[Round "7"]
[White "Tocchioni, Doriano"]
[Black "Schaefer, Markus"]
[Result "1-0"]
[WhiteElo "2261"]
[BlackElo "2411"]
[PlyCount "115"]
[EventDate "2007.08.23"]

1. d4 Nf6 2. Nf3 g6 3. Bg5 Bg7 4. Nbd2 O-O 5. c3 d6 6. e4 Qe8 7. h3 e5 8. dxe5
dxe5 9. Bc4 h6 10. Be3 b6 11. g4 Be6 12. Qb3 Nc6 13. Bxe6 Qxe6 14. Qxe6 fxe6
15. g5 hxg5 16. Nxg5 Rae8 17. O-O-O Nh5 18. Kc2 Nd4+ 19. Kb1 Re7 20. Rde1 Nb5
21. Rhg1 Nd6 22. Rg4 Nf4 23. Kc2 Rf6 24. Ndf3 Nxh3 25. Rh1 Nxg5 26. Bxg5 Rxf3
27. Bxe7 Rxf2+ 28. Kb3 Kf7 29. Bxd6 cxd6 30. Rhg1 Bf6 31. Rxg6 d5 32. R6g4 Re2
33. Rh1 Ke7 34. Rh7+ Kd6 35. Rxa7 dxe4 36. Rf7 Rf2 37. Rxe4 Kd5 38. Re1 e4 39.
Rd7+ Kc6 40. Rdd1 Rf4 41. Re2 e5 42. Kc2 Bh4 43. a4 Bf2 44. b4 e3 45. Rd8 Rh4
46. Kd3 Rh1 47. Ke4 Ra1 48. b5+ Kc7 49. Ra8 Kb7 50. Re8 Rc1 51. Re7+ Kb8 52.
Kd3 Ra1 53. Kc4 Rxa4+ 54. Kd5 Ra3 55. c4 Rd3+ 56. Kc6 Rd2 57. Re8+ Ka7 58. c5
1-0

[Event "XXVII Festival Conca della Presolana A"]
[Site "Bratto - Castione della Presolana ITA"]
[Date "2007.08.29"]
[Round "7"]
[White "Tommaselli, Giacomo"]
[Black "Pegoraro, Nicola"]
[Result "1/2-1/2"]
[WhiteElo "2030"]
[BlackElo "2061"]
[PlyCount "115"]
[EventDate "2007.08.23"]

1. d4 f5 2. Nf3 Nf6 3. c4 g6 4. Nc3 Bg7 5. g3 d6 6. Bg2 O-O 7. O-O Nc6 8. Qc2
e5 9. dxe5 dxe5 10. Rd1 Qe8 11. Nd5 Rf7 12. Qa4 Ne4 13. Ng5 Nxg5 14. Bxg5 Be6
15. Rac1 Nd4 16. Qxe8+ Rxe8 17. Kf1 h6 18. Bd2 Rd7 19. Bc3 Red8 20. Ne3 c6 21.
Bh3 Kf7 22. b3 Bf6 23. Bxd4 Rxd4 24. Rxd4 Rxd4 25. Nc2 Rd8 26. e3 e4 27. Ke2
Be5 28. Rd1 Rxd1 29. Kxd1 Ke7 30. Nd4 Bd7 31. Bg2 c5 32. Ne2 Bc6 33. Nf4 Kf6
34. Kc2 Bd6 35. Bf1 g5 36. Ne2 h5 37. Bg2 Be5 38. a4 Bc7 39. Bf1 Ba5 40. Nc3
Ke5 41. Be2 h4 42. Kb2 Bd8 43. Bf1 Be7 44. Be2 Bf8 45. Kc2 Bg7 46. Bh5 f4 47.
Bg4 Bf6 48. Kd2 a6 49. Ke2 Be7 50. Kd2 hxg3 51. hxg3 Bd8 52. Bc8 Bc7 53. g4 Ba5
54. Kc2 f3 55. Bf5 Bc7 56. Kd2 b6 57. Kc2 Bb7 58. Kd1 1/2-1/2

[Event "XXVII Festival Conca della Presolana A"]
[Site "Bratto - Castione della Presolana ITA"]
[Date "2007.08.29"]
[Round "7"]
[White "Tramalloni, Luca"]
[Black "Ranfagni, Stefano"]
[Result "0-1"]
[WhiteElo "2111"]
[BlackElo "2031"]
[PlyCount "78"]
[EventDate "2007.08.23"]

1. d4 e6 2. c4 f5 3. Nc3 Nf6 4. Bg5 Be7 5. e3 O-O 6. Bd3 d6 7. Nf3 Nc6 8. Qb3
Qe8 9. O-O-O a5 10. Nb5 Qd7 11. Bxf6 Bxf6 12. d5 exd5 13. cxd5 Nb4 14. Bc4 Qe7
15. Rhe1 Na6 16. Nc3 Nc5 17. Qc2 Re8 18. Nd4 g6 19. f3 Bd7 20. g3 Qg7 21. Qf2
Rab8 22. a4 Bxd4 23. Rxd4 Nxa4 24. Nb5 Nc5 25. Nxc7 Rec8 26. Ne6 Bxe6 27. dxe6
Nb3+ 28. Kb1 Nxd4 29. exd4 Rxc4 30. e7 Re8 31. Qe2 Rc7 32. Qe6+ Qf7 33. Qxd6
Rcxe7 34. Rxe7 Rxe7 35. Qd8+ Kg7 36. Qxa5 Qe6 37. Qd8 Qe1+ 38. Ka2 Qe2 39. d5
Qc4+ 0-1

[Event "XXVII Festival Conca della Presolana A"]
[Site "Bratto - Castione della Presolana ITA"]
[Date "2007.08.29"]
[Round "7"]
[White "Valsecchi, Alessio"]
[Black "Vocaturo, Daniele"]
[Result "1-0"]
[WhiteElo "2175"]
[BlackElo "2459"]
[PlyCount "65"]
[EventDate "2007.08.23"]

1. e4 c5 2. Nf3 d6 3. d4 cxd4 4. Nxd4 Nf6 5. Nc3 g6 6. Be3 Bg7 7. f3 O-O 8. Qd2
Nc6 9. Bc4 Bd7 10. O-O-O Rc8 11. Bb3 Nxd4 12. Bxd4 b5 13. h4 a5 14. h5 a4 15.
Bxf6 exf6 16. Bd5 f5 17. hxg6 hxg6 18. g4 fxg4 19. Qh2 Re8 20. fxg4 Qg5+ 21.
Kb1 Re7 22. Rdf1 Be8 23. Rf3 b4 24. Nd1 b3 25. axb3 axb3 26. Rxb3 Ba4 27. Rc3
Qxg4 28. Rxc8+ Qxc8 29. Qh7+ Kf8 30. Qh8+ Bxh8 31. Rxh8+ Kg7 32. Rxc8 f5 33.
exf5 1-0

[Event "XXVII Festival Conca della Presolana A"]
[Site "Bratto - Castione della Presolana ITA"]
[Date "2007.08.29"]
[Round "7"]
[White "Vezzosi, Paolo"]
[Black "Brunello, Sabino"]
[Result "1-0"]
[WhiteElo "2302"]
[BlackElo "2475"]
[PlyCount "61"]
[EventDate "2007.08.23"]

1. e4 c5 2. Nf3 e6 3. d4 cxd4 4. Nxd4 Nc6 5. Nb5 d6 6. c4 Nf6 7. N1c3 a6 8. Na3
Be7 9. Be2 O-O 10. Be3 b6 11. O-O Bb7 12. f4 Rc8 13. Rc1 Re8 14. Qb3 Nd7 15.
Rfd1 Bf8 16. Bf2 Qc7 17. Rd2 Na5 18. Qd1 d5 19. exd5 exd5 20. Nxd5 Bxd5 21.
Rxd5 Nf6 22. Rd3 Ne4 23. Bg3 Bc5+ 24. Kf1 Nxg3+ 25. hxg3 Qe7 26. Rcc3 Rc6 27.
Bg4 Rh6 28. Bh3 Nb7 29. Nc2 Qe6 30. Qf3 Qc8 31. b4 1-0

[Event "XXVII Festival Conca della Presolana A"]
[Site "Bratto - Castione della Presolana ITA"]
[Date "2007.08.29"]
[Round "7"]
[White "Wall, Gavin"]
[Black "Pomaro, Alberto"]
[Result "0-1"]
[WhiteElo "2328"]
[BlackElo "2149"]
[PlyCount "66"]
[EventDate "2007.08.23"]

1. e4 e6 2. d4 d5 3. e5 c5 4. c3 Nc6 5. Nf3 Qb6 6. a3 Nh6 7. b4 cxd4 8. cxd4
Nf5 9. Bb2 Bd7 10. Be2 Rc8 11. O-O Be7 12. Qd2 O-O 13. Rd1 f6 14. Nc3 fxe5 15.
dxe5 Kh8 16. Rac1 Qd8 17. h3 Nh4 18. Qe1 Bg5 19. Rc2 Be8 20. Nxh4 Bxh4 21. Bg4
Bg6 22. Re2 Nxe5 23. Bxe6 Nd3 24. Rxd3 Bxd3 25. Rd2 Rc6 26. Nxd5 Qg5 27. Bc3
Qg6 28. Bg4 h5 29. Bxh5 Qxh5 30. Rxd3 Bxf2+ 31. Qxf2 Rxf2 32. Kxf2 Qf5+ 33. Ke2
Rd6 0-1

[Event "XXVII Festival Conca della Presolana A"]
[Site "Bratto - Castione della Presolana ITA"]
[Date "2007.08.29"]
[Round "7"]
[White "Zoldan, Matteo"]
[Black "Manca, Federico"]
[Result "0-1"]
[WhiteElo "2128"]
[BlackElo "2417"]
[PlyCount "66"]
[EventDate "2007.08.23"]

1. e4 d6 2. d4 Nf6 3. f3 g6 4. c4 Bg7 5. Nc3 O-O 6. Be3 e5 7. Nge2 c6 8. d5
cxd5 9. cxd5 a6 10. Qd2 Nbd7 11. g4 b5 12. Ng3 Nb6 13. Bd3 Nfd7 14. b4 a5 15.
Nxb5 Nxd5 16. exd5 e4 17. Nxe4 Bxa1 18. O-O Bg7 19. Nbxd6 axb4 20. Nxc8 Qxc8
21. Rc1 Qb7 22. d6 Ne5 23. Be2 b3 24. axb3 Qxb3 25. Nc5 Qa3 26. f4 Nc6 27. Bf3
Bd4 28. Nd3 Rae8 29. Bf2 Bxf2+ 30. Qxf2 Nb4 31. Nxb4 Qxc1+ 32. Kg2 Qxf4 33. Qb2
Re3 0-1

[Event "XXVII Festival Conca della Presolana A"]
[Site "Bratto - Castione della Presolana ITA"]
[Date "2007.08.30"]
[Round "8"]
[White "Bagaturov, Giorgi"]
[Black "David, Alberto"]
[Result "1/2-1/2"]
[WhiteElo "2474"]
[BlackElo "2529"]
[PlyCount "29"]
[EventDate "2007.08.23"]

1. d4 d5 2. c4 dxc4 3. e3 Nf6 4. Bxc4 e6 5. Nf3 c5 6. O-O a6 7. Qe2 b5 8. Bd3
cxd4 9. exd4 Be7 10. a4 bxa4 11. Rxa4 O-O 12. Nc3 Bb7 13. Be3 a5 14. Ne5 Nc6
15. Bb5 1/2-1/2

[Event "XXVII Festival Conca della Presolana A"]
[Site "Bratto - Castione della Presolana ITA"]
[Date "2007.08.30"]
[Round "8"]
[White "Bassis, Ivano"]
[Black "Reduzzi, Maurizio"]
[Result "0-1"]
[WhiteElo "2026"]
[BlackElo "2105"]
[PlyCount "52"]
[EventDate "2007.08.23"]

1. e4 c5 2. Nf3 Nc6 3. Bb5 g6 4. Bxc6 dxc6 5. d3 Bg7 6. h3 e5 7. Be3 b6 8. Qd2
Qc7 9. Nc3 Ba6 10. Qe2 Nf6 11. a4 Nd7 12. Nd2 Nf8 13. Nc4 Ne6 14. Qd2 h5 15.
Ne2 Bxc4 16. dxc4 Rd8 17. Qc1 Qe7 18. O-O O-O 19. Rd1 Nd4 20. Kf1 Qe6 21. b3 f5
22. exf5 Qxf5 23. Ra2 h4 24. Rb2 Bh6 25. c3 Bxe3 26. Qxe3 Nc2 0-1

[Event "XXVII Festival Conca della Presolana A"]
[Site "Bratto - Castione della Presolana ITA"]
[Date "2007.08.30"]
[Round "8"]
[White "Bellia, Fabrizio"]
[Black "Stella, Andrea"]
[Result "1-0"]
[WhiteElo "2405"]
[BlackElo "2132"]
[PlyCount "81"]
[EventDate "2007.08.23"]

1. e4 e6 2. d4 d5 3. Nd2 c5 4. exd5 Qxd5 5. Ngf3 cxd4 6. Bc4 Qd6 7. O-O Nf6 8.
Nb3 Nc6 9. Nbxd4 Nxd4 10. Nxd4 a6 11. Re1 Qc7 12. Qe2 Bd6 13. Bg5 b5 14. Bxe6
fxe6 15. Nxe6 Qe7 16. Nc7+ Kf7 17. Qxe7+ Bxe7 18. Nxa8 Bf5 19. Nc7 Bd6 20. Bxf6
gxf6 21. Nd5 Bxc2 22. Rac1 Bg6 23. Rc6 Be5 24. Rxa6 Rd8 25. Ra7+ Kf8 26. Ne7
Be8 27. Nf5 Bg6 28. g4 Rd2 29. Rc1 Rd8 30. b3 b4 31. Rc4 h5 32. h3 Bf7 33.
Rxf7+ Kxf7 34. Rxb4 hxg4 35. hxg4 Kg6 36. f4 Bb8 37. Rb7 Bc7 38. Nh4+ Kh6 39.
Rxc7 Rd1+ 40. Kf2 f5 41. Nxf5+ 1-0

[Event "XXVII Festival Conca della Presolana A"]
[Site "Bratto - Castione della Presolana ITA"]
[Date "2007.08.30"]
[Round "8"]
[White "Bonafede, Alessandro"]
[Black "Parodi, Alessandro"]
[Result "1-0"]
[WhiteElo "2234"]
[BlackElo "1961"]
[PlyCount "67"]
[EventDate "2007.08.23"]

1. e4 d6 2. d4 Nf6 3. Nc3 g6 4. Bg5 Bg7 5. Qd2 O-O 6. f4 c6 7. Bd3 b5 8. Nf3
Bg4 9. O-O Qb6 10. Ne2 Nbd7 11. Kh1 c5 12. c3 d5 13. Bxf6 Nxf6 14. e5 Ne4 15.
Qe3 cxd4 16. cxd4 Rac8 17. h3 Be6 18. Bxe4 dxe4 19. Ng5 Bc4 20. Nxe4 Bxe2 21.
Qxe2 Qxd4 22. b3 f6 23. Rad1 Qb6 24. exf6 exf6 25. Nd6 Rc7 26. Nxb5 Rc6 27. Rd7
Re6 28. Qc4 Kh8 29. Rxa7 Rc6 30. Qd3 Rd8 31. Rd7 Rxd7 32. Qxd7 h5 33. a4 Rc2
34. f5 1-0

[Event "XXVII Festival Conca della Presolana A"]
[Site "Bratto - Castione della Presolana ITA"]
[Date "2007.08.30"]
[Round "8"]
[White "Bonazzi, Edoardo"]
[Black "Andreoli, Renato"]
[Result "1-0"]
[WhiteElo "2185"]
[BlackElo "2145"]
[PlyCount "107"]
[EventDate "2007.08.23"]

1. Nf3 Nf6 2. c4 e6 3. g3 d5 4. b3 Be7 5. Bg2 O-O 6. O-O c5 7. e3 Nc6 8. Bb2 b6
9. Nc3 Bb7 10. cxd5 Nxd5 11. Nxd5 Qxd5 12. d4 Rad8 13. Ne5 Qd6 14. Nxc6 Bxc6
15. Qg4 cxd4 16. Bxc6 Qxc6 17. Bxd4 g6 18. Rac1 Qb5 19. Rc7 Rd7 20. Rfc1 Rfd8
21. Qf4 Qd5 22. Rxd7 Rxd7 23. Rc8+ Rd8 24. Rc7 g5 25. Qe5 Qxe5 26. Bxe5 Bd6 27.
Bxd6 Rxd6 28. Rxa7 Rd2 29. g4 Kg7 30. Kg2 Kg6 31. Kg3 h6 32. f3 b5 33. h4 gxh4+
34. Kxh4 Re2 35. e4 e5 36. Ra6+ f6 37. Ra7 Rh2+ 38. Kg3 Rb2 39. Ra6 Kg5 40. Ra8
Kg6 41. Rg8+ Kf7 42. Rb8 Rxa2 43. Rxb5 Rb2 44. Rb7+ Kg6 45. b4 h5 46. gxh5+
Kxh5 47. b5 Kg5 48. Rb8 f5 49. b6 f4+ 50. Kh3 Kg6 51. b7 Kg7 52. Kg4 Rb5 53.
Kf5 Kh7 54. Kf6 1-0